| 000 | 00499nam a22001817a 4500 | ||
|---|---|---|---|
| 003 | CEME | ||
| 005 | 20210628203543.0 | ||
| 008 | 210317b xxu||||| |||| 00| 0 eng d | ||
| 020 | _a0-930403-56-8 | ||
| 040 | _c. | ||
| 082 | _a629.1 TES'E | ||
| 100 |
_aEichblatt, E. J _966222 |
||
| 245 | _aTest and evaluation of the tactical missile , progress in astronautics and aeronautics | ||
| 260 |
_aUSA _bAIAA _c1989 |
||
| 300 | _aV-119 | ||
| 650 |
_aGUIDED MISSILES TESTING _966223 |
||
| 942 |
_cBK _2ddc |
||
| 999 |
_c574218 _d574218 |
||